00522cam a22001574a 4500020001800000020001500018040000800033082002600041245010100067260007600168300004400244650001800288650002000306650001800326650002000344 a9780821388372 a0821388371 cDLC00a333 AUS 2011 A070 Or.00aOne goal, two paths :bachieving universal access to modern energy in East Asia and the Pacific. aWashington, D.C :bWorld Bank :bAustralian Government, AusAID,cc2011. axv, 165 p. :bcol. ill., maps ;c28 cm. 0aEnergy policy 0aPower resources 0aEnergy policy 0aPower resources